Письма о добром и прекрасном
Книга выдающегося ученого XX века — культуролога искусствоведа доктора филологических наук профес- сора и академика Дмитрия Сергеевича Лихачёва адре- сована молодым читателям. Это лишенные морализма и пафоса оформленные в виде коротких писем размыш- ления доброго и мудрого человека о необходимости с...
Tallennettuna:
| Päätekijä: | |
|---|---|
| Linkit: | https://znanium.com/catalog/document?id=333521 https://znanium.com/cover/1002/1002895.jpg |
| Tagit: |
Lisää tagi
Ei tageja, Lisää ensimmäinen tagi!
|
| LEADER | 02678nam0a2200241 i 4500 | ||
|---|---|---|---|
| 001 | RU\infra-m\znanium\bibl\1002895 | ||
| 003 | https://znanium.com/catalog/document?id=333521 | ||
| 005 | 20240402000000.0 | ||
| 010 | |a 978-5-9614-5467-3 | ||
| 100 | |a 20240402d2018 m y0rusy0150 ca | ||
| 101 | 0 | |a rus | |
| 102 | |a RU | ||
| 200 | 1 | |a Письма о добром и прекрасном | |
| 210 | 1 | |a Москва |c ООО "Альпина Паблишер" |d 2017 | |
| 215 | |a 288 с. | ||
| 330 | |a Книга выдающегося ученого XX века — культуролога искусствоведа доктора филологических наук профес- сора и академика Дмитрия Сергеевича Лихачёва адре- сована молодым читателям. Это лишенные морализма и пафоса оформленные в виде коротких писем размыш- ления доброго и мудрого человека о необходимости саморазвития формировании правильной системы цен- ностей избавлении от жадности зависти обидчивости ненависти и о воспитании в себе любви к людям пони- мания сочувствия смелости и умения отстаивать свою точку зрения. Книга стала бестселлером сразу после своего выхода в свет в 1985 году; она переведена на мно- жество языков. Важные вопросы которые поднимает автор актуальны и в наши дни. «Письма…» академика Лихачёва будут полезны всем кто хочет научиться делать верный выбор в самых сложных ситуациях ладить с людьми быть в согласии с собой и окружа ющим миром и получать от жизни большое удовольствие. | ||
| 606 | |a Философия |x Этика |2 local | ||
| 675 | |a 17 |z rus | ||
| 686 | |a 877 |2 rubbk | ||
| 700 | 1 | |a Лихачев |b Д. С. |g Дмитрий Сергеевич | |
| 801 | 0 | |a RU |b Общество с ограниченной ответственностью «ЗНАНИУМ» |c 20181002 |2 rusmarc | |
| 856 | 4 | |a znanium.com |m ebs_support@infra-m.ru |n НИЦ ИНФРА-М |u https://znanium.com/catalog/document?id=333521 | |
| 856 | 4 | 1 | |a znanium.com |d /cover/1002 |f 1002895.jpg |q image/jpeg |u https://znanium.com/cover/1002/1002895.jpg |